| 000 | 00598nam a2200205Ia 4500 | ||
|---|---|---|---|
| 003 | IN-BaIIA | ||
| 008 | 211028s9999 xx 000 0 eng d | ||
| 020 | _a0-486-60115-3 | ||
| 040 | _cIIA Library | ||
| 080 |
_a535.338 _bHER |
||
| 100 | _aHerzberg, Gerhard | ||
| 245 | 0 |
_aAtomic spectra and atomic structure _cGerhard Herzberg |
|
| 260 |
_aNew York _bDover Publications _c1944 |
||
| 300 | _axiii, 287p. | ||
| 490 | _aDover books on chemistry, physical chemistry, biochemistry | ||
| 650 |
_aAtomic spectra _91533 |
||
| 650 |
_aAtomic structure _91534 |
||
| 650 | _aNASA thesaurus | ||
| 942 | _cBK | ||
| 999 |
_c4545 _d4545 |
||